| 000 | 01237 a2200253 4500 | ||
|---|---|---|---|
| 003 | OSt | ||
| 005 | 20180116182740.0 | ||
| 008 | 170726b xxu||||| |||| 00| 0 eng d | ||
| 020 | _a0553292153 | ||
| 020 | _a9780553292152 | ||
| 040 | _c0 | ||
| 082 | 0 | 4 | _a303.4 TOF 1991 |
| 100 | 1 | _aToffler, Alvin. | |
| 245 | 1 | 0 |
_aPowershift : _bknowledge, wealth, and violence at the edge of the 21st century / _cAlvin Toffler. |
| 250 | _aFirst Thus ed. | ||
| 260 |
_a[S.l.] : _bBantam, _c1991. |
||
| 300 |
_a640 p. ; _c18 cm. |
||
| 440 | _aPowershift : | ||
| 500 | _aMass Market Paperback. | ||
| 520 | _aToffler argues that while headlines focus on shifts of power at the global level, equally significant shifts are taking place in our everyday world--supermarkets, hospitals, banks, television, and politics. As old antagonisms fade, Toffler identifies where the next, far more important world division will arise . . . between the "fast" and the "slow." "Thought-provoking on every page."--Newsday. HC: Bantam. | ||
| 856 | 4 | 0 |
_3Amazon.com _uhttp://www.amazon.com/exec/obidos/ASIN/0553292153/chopaconline-20 |
| 856 | 4 | 0 |
_3Amazon customer reviews _uhttp://www.chopac.org/cgi-bin/tools/azrev.pl?q=0553292153 |
| 942 |
_aNBS _cBK _k303.4 TOF _2ddc |
||
| 999 |
_c345276 _d345276 |
||